000 00530nam a2200181Ia 4500
001 15976
005 20260306170235.0
008 260306t2014||||xx |||||||||||||| ||und||
041 _aESP
082 _a346.52
_bA61
100 _aÁngel Yágüez, Ricardo de
_eAUT
245 0 _aCausalidad en la responsabilidad extracontractual:
_bsobre el arbitrio judicial, la imputación objetiva y los otros extremos
260 _c2014
300 _a294 páginas :
_c21 cm.
650 _aGEN
654 _aCDE
942 _cLIB
_dJUS
_fJUS
_2ddc
_n
999 _c15976
_d15976